Žigmund Pauliny-Tóth 1865-1906

Podrobná bibliografia
Hlavný autor: Kačkovičová, Mária (Autor)
Médium: Článok
Jazyk:slovenčina
Fyzický popis:Fotogr.
ISSN:0013-0900
Predmet:

MARC

LEADER 00000nab a2200000 a 4500
001 vtls000695904
003 SK-MaSNL
005 20260304093850.0
008 250425c1999 xo 0 slo
015 |a SNBRB1999/06-18017 
035 |a CLN000048071 
035 |a urn:nbn:sk:snk-ab2711 
035 |a (urnnbn)urn:nbn:sk:snk:ar-a01s8u 
035 |a (uuid)380a88f8-47f8-4903-9621-5e992cc27829 
040 |a SNKBUCL  |b slo  |c SNKBUCL  |e AACR2 
041 0 |a slo 
044 |a xo  |c SK 
080 |a 336.7-051  |2 1997 
080 |a 929 Pauliny-Tóth, Žigmund  |2 1997 
100 1 |a Kačkovičová, Mária  |4 aut  |9 562994 
245 1 0 |a Žigmund Pauliny-Tóth 1865-1906  |c Mária Kačkovičová 
300 |b Fotogr. 
600 1 7 |a Pauliny-Tóth, Žigmund,  |d 1865-1906  |2 snkbucl  |9 145646 
655 7 |a články z novín a časopisov  |2 snkbucl  |9 267496 
773 0 |t Biatec  |g Roč. 7, č. 6 (1999), s. 225  |x 0013-0900 
850 |a Slovenská národná knižnica 
852 |a Slovenská národná knižnica 
954 |a odborná, vedecká literatúra pôvodná (slovenská)  |2 lita 
958 |a article2022 
958 |a SK 
958 |a BX 
958 |a OND 
958 |a EUIPO 
992 |a RBX 
999 |c 2824809  |d 2826739